000 00589cam a22002053a 4500
001 45074
003 PGUSA
005 20140828084030.0
008 140308s2014||||xxu|||||s|||||000 | eng d
040 _aPGUSA
_beng
042 _adc
100 1 _aBroster, D. K.
_q(Dorothy Kathleen),
_d1877-1950
245 1 4 _aThe Vision Splendid
_h[electronic resource] /
_cD. K. Broster
260 _bProject Gutenberg,
_c2014
506 _aPublic domain in the USA.
516 _aElectronic text
830 0 _aProject Gutenberg
_v45074
856 4 0 _uhttp://www.gutenberg.org/ebooks/45074
942 _cEB
999 _c274325
_d274325